Ekonomický a sociální rozvoj socialistického Československa : metodický materiál pro lektory SAK ČSSR /

Hlavní autor: Koutník, Josef
Další autoři: Vachel, Jan
Jazyk: Čeština
Vydáno: Praha : Horizont, 1986
Vydání: 1. vydání
Edice: Studijní materiály na pomoc lektorům
Na pomoc ekonomické propagandě
Témata:
Fyzický popis: 42 stran
Knihy
Uloženo v:
LEADER 01498nam a22004332i 4500
001 001533379
003 CZ BrMZK
005 20170410141456.0
007 ta
008 160701s1986 xr er|||||||||||cze d
015 |a cnb000016998 
040 |a BOA001  |b cze  |e rda 
043 |a e-cs--- 
072 7 |a 33  |x Ekonomie  |2 Konspekt  |9 4 
080 |a 330.35  |2 MRF 
080 |a 316.42  |2 MRF 
080 |a (437)  |2 MRF 
080 |a (041)  |2 MRF 
100 1 |a Koutník, Josef  |7 jk01062376  |4 aut 
245 1 0 |a Ekonomický a sociální rozvoj socialistického Československa :  |b metodický materiál pro lektory SAK ČSSR /  |c zpracovali: Josef Koutník, Jan Vachel 
250 |a 1. vydání 
264 1 |a Praha :  |b Horizont,  |c 1986 
300 |a 42 stran 
336 |a text  |b txt  |2 rdacontent 
337 |a bez média  |b n  |2 rdamedia 
338 |a svazek  |b nc  |2 rdacarrier 
490 1 |a Na pomoc ekonomické propagandě ;  |v 14 
490 1 |a Studijní materiály na pomoc lektorům 
504 |a Obsahuje bibliografii 
650 0 7 |a ekonomický růst  |7 ph114429  |z Československo  |2 czenas 
650 0 7 |a sociální rozvoj  |7 ph774887  |z Československo  |2 czenas 
655 7 |a brožury  |7 fd131925  |2 czenas 
700 1 |a Vachel, Jan  |7 jk01141136  |4 aut 
830 0 |a Studijní materiály na pomoc lektorům 
830 0 |a Na pomoc ekonomické propagandě 
910 |a BOA001  |b X-0908.385 
990 |a BK 
991 |b 201605 
996 6 |b 2619168233  |c X-0908.385  |l MZK  |r Sklad / do 24 hodin  |n 0  |w 001568291  |u 000010  |a 1  |e BOA001  |j MZK50  |s P